| 000 | 00947nam a22002657a 4500 | ||
|---|---|---|---|
| 005 | 20170123162331.0 | ||
| 010 | _aA-842737 | ||
| 020 | _c100.00 | ||
| 035 | _aA-842737 | ||
| 037 | _bCen Lib/Ret | ||
| 040 |
_aDPL _bUR |
||
| 082 |
_a841 _bم ہ ا |
||
| 100 |
_aمہاپاترا، ستاکانت _9121758 |
||
| 245 |
_aپھر کبھی آنا اے موت / _cستا کانت مہاپاترا ؛ مرتجم راجندر سنگھ ورما |
||
| 246 |
_aPhir kabhi aana ay maut / _bby Sitakant Mahapatra ; translated by Rajinder Verma |
||
| 260 |
_aملیر کوٹلہ _bامروز کتب _c1992 |
||
| 270 | _bملیر کوٹلہ | ||
| 300 |
_a128p. _c21cm(Hb) |
||
| 650 |
_aادب - ہندی _9121759 |
||
| 650 |
_a ہندی شاعری _9121760 |
||
| 650 |
_aLiterature -- Hindia _9121761 |
||
| 650 |
_aHindi poetry _9121762 |
||
| 700 |
_a ورما، راجندر سنگھ _9109634 |
||
| 942 |
_2ddc _cUR _h841 _mم ہ ا |
||
| 999 |
_c107824 _d107824 |
||